| 000 | 01623cam a2200301Ia 4500 | ||
|---|---|---|---|
| 001 | 5012324 | ||
| 003 | ARRUPE | ||
| 005 | 20131126141239.0 | ||
| 008 | 870218t19761968nyu 000 0aeng d | ||
| 020 | _a0440314887 | ||
| 035 | _a(OCoLC)ocm15208044 | ||
| 035 | _a(NNC)5012324 | ||
| 040 |
_aWVQ _cWVQ _dEMU _dOCL _dXY4 _dOCLCQ |
||
| 043 | _an-us-ms | ||
| 050 |
_aE185.97.M65 _bA3 1976 |
||
| 100 | 1 |
_aMoody, Anne, _d1940- _93961 |
|
| 245 | 1 | 0 |
_aComing of age in Mississippi / _cby Anne Moody. |
| 260 |
_aNew York : _bDell, _c1976, c1968. |
||
| 300 |
_a384 p. ; _c18 cm. |
||
| 500 | _aAutobiography. | ||
| 500 | _a"A Laurel book." | ||
| 505 | 0 | _aChildhood -- High school -- College -- Movement. | |
| 520 | _aThe story of a black girl growing up in the desperate poverty of rural Mississippi. Written without a trace of sentimentality or apology, this is an unforgettable personal story--the truth as a remarkable young woman named Anne Moody lived it. To read her book is to know what it is to have grown up black in Mississippi in the forties and fifties -- & to have survived with pride & courage intact. In this now classic autobiography, she details the sights, smells, & suffering of growing up in a racist society & candidly reveals the soul of a black girl who had the courage to challenge it. The result is a touchstone work: an accurate, authoritative portrait of black family life in the rural South & a moving account of a woman's indomitable heart. | ||
| 600 | 1 | 0 |
_aMoody, Anne, _d1940- _93962 |
| 650 | 0 |
_aAfrican Americans _xCivil rights _zMississippi. _93963 |
|
| 942 |
_2lcc _cMONOGRAPH |
||
| 999 |
_c118717 _d118717 |
||